000 01284nam a2200361 a 4500
001 data
005 20260322212109.0
008 data
035 _a2882303
906 _a7
_bcbc
_corignew
_d3
_encip
_f19
_gy-gencatlg
010 _a 86113617
020 _a0935311009 (pbk. : alk. paper) :
_c$9.95
020 _a9780935311006
035 _9(DLC) 86113617
040 _aDLC
_cDLC
_dDLC
050 0 0 _aBV4011
_b.M53 1985
082 0 0 _a253
_219
245 0 0 _aMinistry & mission :
_btheological reflections for the life of the church /
_cedited by Barbara Brown Taylor ; [with a foreword by Jim L. Waits].
260 _aAtlanta, Ga. :
_bPost Horn Press,
_c1985.
300 _ax, 177 p. ;
_c23 cm.
336 _atext
_btxt
_2rdacontent
337 _aunmediated
_bn
_2rdamedia
338 _avolume
_bnc
_2rdacarrier
500 _aIncludes index.
500 _aReprinted from: Ministry & Mission, a quarterly publication of the Candler School of Theology, Emory University.
650 0 _aPastoral theology.
650 0 _aTheology, Practical.
650 0 _aTheology.
700 1 _aTaylor, Barbara Brown.
740 0 _aMinistry and mission.
991 _bc-GenColl
_hBV4011
_i.M53 1985
_p00012659362
_tCopy 1
_wBOOKS
999 _c1630
_d1630